Normal view
MARC view
Entry Personal Name
001 - CONTROL NUMBER
- control field: 9936
003 - CONTROL NUMBER IDENTIFIER
- control field: ARRUPE
005 - DATE AND TIME OF LATEST TRANSACTION
- control field: 20140423120000.0
008 - FIXED-LENGTH DATA ELEMENTS
- fixed length control field: 140423|| aca||aabn | a|a d
040 ## - CATALOGING SOURCE
- Original cataloging agency: ARRUPE
- Transcribing agency: ARRUPE
100 ## - HEADING--PERSONAL NAME
- Personal name: Scruton, Roger
670 ## - SOURCE DATA FOUND
- Source citation: Work cat.: (ARRUPE): Scruton, Roger, Spinoza, 2002